[Event "Junior Online 4NCL Division 2"]
[Site "online"]
[Date "2020.11.12"]
[Round "7.107"]
[White "Das, Devorshi"]
[Black "Asensio, Tomas"]
[Result "1-0"]
[WhiteElo "1127"]
[BlackElo "1007"]
[PlyCount "125"]
[EventDate "2020.11.12"]
[WhiteTeam "Uxbridge Juniors A"]
[BlackTeam "Robin Hoods 3"]

1. e4 d6 2. d4 Nf6 3. Nc3 Nbd7 4. Nf3 e5 5. d5 Be7 6. Bd3 c6 7. Be3 Qc7 8. dxc6
Qxc6 9. O-O O-O 10. Bg5 Re8 11. Bxf6 Nxf6 12. Qe2 Bg4 13. h3 Be6 14. Rad1 Qb6
15. b3 Qc6 16. Bc4 Qc7 17. Nd5 Nxd5 18. Bxd5 Rec8 19. Rc1 Bxd5 20. exd5 h6 21.
c4 Bg5 22. Ra1 Re8 23. Nxg5 hxg5 24. Qg4 f6 25. Rfe1 Qa5 26. Qd7 b6 27. Qxd6
Qc5 28. Qxc5 bxc5 29. Kh2 Red8 30. Red1 Kf7 31. Kg3 f5 32. h4 Kf6 33. Kh3 g4+
34. Kg3 g5 35. h5 Rh8 36. Rh1 Rad8 37. h6 Kg6 38. f3 Rxh6 39. Rxh6+ Kxh6 40.
fxg4 Rf8 41. gxf5 Rxf5 42. Rd1 Kh5 43. d6 Rf8 44. d7 Rd8 45. Kf3 Kg6 46. g4 Kf6
47. Ke4 a6 48. Rd6+ Ke7 49. Rd1 Kf6 50. a3 Ke7 51. Kxe5 Rxd7 52. Rxd7+ Kxd7 53.
Kf5 Kc6 54. Kxg5 Kb6 55. Kf5 a5 56. g5 Kc7 57. g6 Kd7 58. g7 Ke8 59. g8=Q+ Ke7
60. Qd5 Ke8 61. Qb7 Kd8 62. Ke6 Ke8 63. Qb8# 1-0

[Event "Junior Online 4NCL Division 2"]
[Site "online"]
[Date "2020.11.12"]
[Round "7.111"]
[White "Li, Ethan"]
[Black "Laza, Andrei"]
[Result "0-1"]
[WhiteElo "1840"]
[BlackElo "1292"]
[PlyCount "46"]
[EventDate "2020.11.12"]
[WhiteTeam "May The Fork Be With You 1"]
[BlackTeam "Harrow Juniors C"]

1. e4 e5 2. Nf3 Nc6 3. d4 exd4 4. Nxd4 Nf6 5. Nc3 Bb4 6. Nxc6 bxc6 7. Bd3 d6 8.
O-O O-O 9. Bg5 h6 10. Bh4 Bxc3 11. bxc3 Qe7 12. f4 Qe6 13. Qf3 Qg4 14. Qf2 Nh7
15. h3 Qe6 16. Rae1 Qxa2 17. e5 dxe5 18. fxe5 Be6 19. Qg3 Kh8 20. Bf6 gxf6 21.
exf6 Rg8 22. Qh4 Qd5 23. Qxh6 Qxg2# 0-1

[Event "Junior Online 4NCL Division 2"]
[Site "online"]
[Date "2020.11.12"]
[Round "7.112"]
[White "Benhamou, Nathan"]
[Black "Gilmore, Samuel"]
[Result "0-1"]
[WhiteElo "1322"]
[BlackElo "1840"]
[PlyCount "44"]
[EventDate "2020.11.12"]
[WhiteTeam "Harrow Juniors C"]
[BlackTeam "May The Fork Be With You 1"]

1. e4 c6 2. Nf3 d5 3. d3 Bg4 4. Nc3 e6 5. Bf4 Nf6 6. Be2 Be7 7. Ne5 Bxe2 8.
Qxe2 O-O 9. O-O d4 10. Nd1 Nbd7 11. Nf3 c5 12. c3 Nb6 13. cxd4 cxd4 14. Rc1 Rc8
15. b3 Rxc1 16. Bxc1 Qc7 17. Nxd4 Qxc1 18. Ne3 Qc5 19. Nf3 Rc8 20. Nd2 Qh5 21.
f3 Bc5 22. f4 Qxe2 0-1

[Event "Junior Online 4NCL Division 2"]
[Site "online"]
[Date "2020.11.12"]
[Round "7.113"]
[White "Yedid, Lior"]
[Black "Cann, Arthur"]
[Result "1-0"]
[WhiteElo "1532"]
[BlackElo "1172"]
[PlyCount "39"]
[EventDate "2020.11.12"]
[WhiteTeam "May The Fork Be With You 1"]
[BlackTeam "Harrow Juniors C"]

1. e4 e5 2. f4 Qh4+ 3. g3 Qf6 4. d4 exd4 5. e5 Qb6 6. Nf3 Bb4+ 7. Bd2 Bxd2+ 8.
Nbxd2 Qxb2 9. Rb1 Qxa2 10. Bc4 Qa4 11. Bb5 Qa3 12. Nc4 Qc5 13. Nxd4 a6 14. Ra1
Ra7 15. Nf5 Qxb5 16. Nfd6+ cxd6 17. Nxd6+ Kd8 18. Nxb5 b6 19. Nd6 Ke7 20. Nxc8+
1-0

[Event "Junior Online 4NCL Division 2"]
[Site "online"]
[Date "2020.11.12"]
[Round "7.115"]
[White "Laza, Andrei"]
[Black "Li, Ethan"]
[Result "0-1"]
[WhiteElo "1292"]
[BlackElo "1840"]
[PlyCount "66"]
[EventDate "2020.11.12"]
[WhiteTeam "Harrow Juniors C"]
[BlackTeam "May The Fork Be With You 1"]

1. e4 c5 2. Nf3 Nc6 3. Bb5 g6 4. O-O Bg7 5. Nc3 a6 6. Bxc6 dxc6 7. b3 Bg4 8. h3
Bxf3 9. Qxf3 Nf6 10. Bb2 O-O 11. d3 Nd7 12. Rab1 Ne5 13. Qe3 b6 14. Ne2 Re8 15.
Rfd1 Qc7 16. d4 cxd4 17. Bxd4 c5 18. Bb2 Rad8 19. Rxd8 Rxd8 20. f4 Nc6 21. Bxg7
Kxg7 22. c3 Rd7 23. Kf2 Qd8 24. Rb2 Rd3 25. Qc1 e5 26. fxe5 Nxe5 27. Nf4 Qh4+
28. g3 Qxg3+ 29. Ke2 Qf3+ 30. Ke1 Qh1+ 31. Ke2 Qxc1 32. Nxd3 Nxd3 33. Kxd3 Qxb2
0-1

[Event "Junior Online 4NCL Division 2"]
[Site "online"]
[Date "2020.11.12"]
[Round "7.116"]
[White "Gilmore, Samuel"]
[Black "Benhamou, Nathan"]
[Result "1-0"]
[WhiteElo "1840"]
[BlackElo "1322"]
[PlyCount "63"]
[EventDate "2020.11.12"]
[WhiteTeam "May The Fork Be With You 1"]
[BlackTeam "Harrow Juniors C"]

1. d4 d5 2. c4 c6 3. cxd5 cxd5 4. Nf3 Nf6 5. Nc3 Bg4 6. Bf4 e6 7. e3 Bb4 8.
Qa4+ Nbd7 9. Qxb4 b6 10. Ne5 Nxe5 11. Bxe5 Bf5 12. Bb5+ Nd7 13. O-O f6 14.
Bxd7+ Qxd7 15. Bg3 e5 16. dxe5 fxe5 17. Bxe5 Qe6 18. Qd6 Qc8 19. Nxd5 Qb7 20.
Nc7+ Kf7 21. Nxa8 Qxa8 22. Rac1 Rd8 23. Rc7+ Kg8 24. Rxg7+ Kh8 25. Rd7+ Kg8 26.
Rxd8+ Qxd8 27. Qxd8+ Kf7 28. Qf6+ Ke8 29. Qxf5 h5 30. Qe6+ Kf8 31. Rd1 a6 32.
Rd8# 1-0

[Event "Junior Online 4NCL Division 2"]
[Site "online"]
[Date "2020.11.12"]
[Round "7.117"]
[White "Cann, Arthur"]
[Black "Yedid, Lior"]
[Result "0-1"]
[WhiteElo "1172"]
[BlackElo "1532"]
[PlyCount "124"]
[EventDate "2020.11.12"]
[WhiteTeam "Harrow Juniors C"]
[BlackTeam "May The Fork Be With You 1"]

1. d4 Nf6 2. c4 e6 3. Bg5 d5 4. cxd5 exd5 5. e3 b6 6. Bb5+ Bd7 7. Bxd7+ Nbxd7
8. Nc3 h6 9. Bxf6 Nxf6 10. Qa4+ Qd7 11. Qxd7+ Kxd7 12. Nf3 Bb4 13. Ne5+ Ke8 14.
O-O Bxc3 15. bxc3 Ne4 16. Rac1 f5 17. Ng6 Rg8 18. Nh4 g6 19. Nf3 g5 20. Ne5 g4
21. Rfd1 h5 22. c4 dxc4 23. Rxc4 Rc8 24. Nc6 Nd6 25. Nxa7 Nxc4 26. Nxc8 Kd7 27.
Na7 c6 28. Rc1 b5 29. a4 Ra8 30. axb5 Rxa7 31. bxc6+ Kxc6 32. Rxc4+ Kd5 33. Rc1
Ke4 34. g3 Ra2 35. Kg2 Ra5 36. Rc8 Kd3 37. Rh8 Ra1 38. Rxh5 Ke2 39. Rxf5 Rd1
40. h4 gxh3+ 41. Kxh3 Rh1+ 42. Kg2 Rf1 43. d5 Rd1 44. e4 Rd4 45. g4 Rxe4 46. g5
Rd4 47. g6 Rg4+ 48. Kh3 Rxg6 49. f4 Kf3 50. Kh4 Ke4 51. Rg5 Rf6 52. Re5+ Kxf4
53. Rg5 Rd6 54. Kh5 Rd8 55. Kg6 Rg8+ 56. Kf6 Rxg5 57. d6 Rf5+ 58. Ke7 Re5+ 59.
Kd7 Kf5 60. Kc7 Rc5+ 61. Kd8 Ke6 62. d7 Rd5 0-1

[Event "Junior Online 4NCL Division 2"]
[Site "online"]
[Date "2020.11.12"]
[Round "7.121"]
[White "Xu, Jiarui"]
[Black "Wang, Yong Gui"]
[Result "0-1"]
[WhiteElo "1412"]
[BlackElo "1592"]
[PlyCount "60"]
[EventDate "2020.11.12"]
[WhiteTeam "Cambridge Chess & Go B"]
[BlackTeam "KJCA Young Kestrels D"]

1. e4 e5 2. Nf3 Nc6 3. Bc4 Bc5 4. d3 d6 5. Ng5 Be6 6. Bxe6 fxe6 7. Nxe6 Qf6 8.
Nxc5 dxc5 9. O-O Nge7 10. Nc3 O-O-O 11. Qg4+ Kb8 12. Bg5 Qg6 13. Qh4 Rde8 14.
Bxe7 Nxe7 15. a4 Nc6 16. Nd5 Nd4 17. c3 Nf3+ 18. Kh1 Nxh4 19. g3 Nf3 20. b4 Qh5
21. Kg2 Rhf8 22. h3 Ng5 23. h4 Qf3+ 24. Kh2 Ne6 25. b5 g5 26. a5 gxh4 27. gxh4
Nf4 28. Nxf4 Rxf4 29. b6 Rxh4+ 30. Kg1 Rh1# 0-1

[Event "Junior Online 4NCL Division 2"]
[Site "online"]
[Date "2020.11.12"]
[Round "7.122"]
[White "Adriel, Au"]
[Black "Yuan, Derek"]
[Result "1-0"]
[WhiteElo "1506"]
[BlackElo "1390"]
[PlyCount "41"]
[EventDate "2020.11.12"]
[WhiteTeam "KJCA Young Kestrels D"]
[BlackTeam "Cambridge Chess & Go B"]

1. e4 e5 2. Nf3 Nc6 3. Bc4 Bc5 4. b4 Bxb4 5. c3 Bc5 6. d4 exd4 7. O-O dxc3 8.
Qb3 Qe7 9. Nxc3 Nf6 10. e5 Ng4 11. Nd5 Qd8 12. Bg5 Be7 13. Nxe7 Nxe7 14. Bxf7+
Kf8 15. h3 Nh6 16. Bxh6 gxh6 17. Bh5 Ng6 18. Rad1 Qe7 19. Rd4 Nxe5 20. Nxe5
Qxe5 21. Qf7# 1-0

[Event "Junior Online 4NCL Division 2"]
[Site "online"]
[Date "2020.11.12"]
[Round "7.123"]
[White "Syposz, Adam"]
[Black "Mann, Lev"]
[Result "0-1"]
[WhiteElo "1315"]
[BlackElo "1510"]
[PlyCount "92"]
[EventDate "2020.11.12"]
[WhiteTeam "Cambridge Chess & Go B"]
[BlackTeam "KJCA Young Kestrels D"]

1. e4 e5 2. Nf3 Nf6 3. Nxe5 d6 4. Nf3 Nxe4 5. Qe2 Qe7 6. d3 Nf6 7. Qxe7+ Bxe7
8. Be2 O-O 9. O-O Re8 10. Re1 Nc6 11. Nc3 d5 12. Bf4 Bd6 13. Bxd6 cxd6 14. h3
Bf5 15. Nb5 Rad8 16. Nc3 d4 17. Ne4 Nxe4 18. dxe4 Bxe4 19. Bc4 Bxc2 20. Rxe8+
Rxe8 21. Ng5 Ne5 22. Bd5 b6 23. f4 h6 24. Bc6 Nxc6 25. Nf3 Be4 26. Re1 Kf8 27.
Rd1 Bxf3 28. gxf3 Re2 29. Rb1 d3 30. Rd1 Rxb2 31. Rxd3 Ke7 32. a4 a6 33. Re3+
Kd7 34. Kf1 b5 35. axb5 axb5 36. Kg1 b4 37. Rd3 b3 38. Kf1 Rb1+ 39. Ke2 b2 40.
Kd2 Rd1+ 41. Kxd1 b1=Q+ 42. Kd2 Qb2+ 43. Ke3 Ne7 44. h4 Nf5+ 45. Ke4 Qe2+ 46.
Kxf5 Qe6# 0-1

[Event "Junior Online 4NCL Division 2"]
[Site "online"]
[Date "2020.11.12"]
[Round "7.124"]
[White "Shkuratovskyi, Artemiy"]
[Black "Lee, Isaac"]
[Result "0-1"]
[WhiteElo "1532"]
[BlackElo "1219"]
[PlyCount "61"]
[EventDate "2020.11.12"]
[WhiteTeam "KJCA Young Kestrels D"]
[BlackTeam "Cambridge Chess & Go B"]

1. e4 e5 2. Nf3 Nc6 3. Bb5 d6 4. d4 exd4 5. Nxd4 Bd7 6. O-O Nxd4 7. Bxd7+ Qxd7
8. Qxd4 Nf6 9. Nc3 Be7 10. Bg5 Qe6 11. Rfe1 Rd8 12. Qxa7 Qg4 13. Bxf6 Bxf6 14.
Qa4+ c6 15. Qb3 O-O 16. Rab1 Rfe8 17. f3 Qg6 18. Qxb7 c5 19. Nd5 Rb8 20. Nxf6+
Qxf6 21. Qc6 Rbc8 22. Qd5 Re5 23. Qd2 Rce8 24. Rbd1 Rd8 25. c3 Qe6 26. b3 d5
27. exd5 Rdxd5 28. Qxd5 Rxd5 29. Rxe6 Rxd1+ 30. Kf2 fxe6 31. Ke2 0-1

[Event "Junior Online 4NCL Division 2"]
[Site "online"]
[Date "2020.11.12"]
[Round "7.125"]
[White "Wang, Yong Gui"]
[Black "Xu, Jiarui"]
[Result "1-0"]
[WhiteElo "1592"]
[BlackElo "1412"]
[PlyCount "161"]
[EventDate "2020.11.12"]
[WhiteTeam "KJCA Young Kestrels D"]
[BlackTeam "Cambridge Chess & Go B"]

1. e4 e5 2. Nf3 Nc6 3. Bc4 Bc5 4. b4 Bxb4 5. c3 Bc5 6. d4 exd4 7. cxd4 Bb4+ 8.
Bd2 Bxd2+ 9. Nbxd2 d6 10. Qb3 Qe7 11. O-O Na5 12. Qb5+ Nc6 13. d5 a6 14. Qa4
Bd7 15. dxc6 Bxc6 16. Qb3 Nf6 17. Ng5 O-O 18. Qc2 h6 19. Ngf3 b5 20. Bb3 Bxe4
21. Nxe4 Qxe4 22. Qxe4 Nxe4 23. Bd5 Rae8 24. Rac1 c5 25. Bb7 a5 26. Bc6 Re7 27.
Bxb5 Rb8 28. Bc4 g5 29. Rfe1 Rbe8 30. Bb5 Rb8 31. Bc6 f5 32. Rcd1 g4 33. Nh4
Re5 34. Nxf5 Rxf5 35. Bxe4 Re5 36. Bd5+ Kg7 37. Rxe5 dxe5 38. f3 gxf3 39. Bxf3
Kf6 40. Rd6+ Kg5 41. Rd5 Rb1+ 42. Kf2 Rb2+ 43. Kg3 Rxa2 44. Rxe5+ Kf6 45. Rxc5
Ra3 46. Kg4 Ke6 47. Rc6+ Ke5 48. Rxh6 Ra4+ 49. Kg5 Rf4 50. Rb6 Rf5+ 51. Kg4
Rf4+ 52. Kg3 a4 53. Rb5+ Kd4 54. Kxf4 Kc3 55. Ra5 Kb3 56. Rxa4 Kxa4 57. h4 Kb5
58. h5 Kc5 59. h6 Kd6 60. h7 Ke6 61. h8=Q Kf7 62. Qd4 Kg6 63. g4 Kf7 64. g5 Ke6
65. Qf6+ Kd7 66. g6 Kc7 67. g7 Kd7 68. g8=Q Kc7 69. Bb7 Kd7 70. Qgf8 Kc7 71.
Qe6 Kxb7 72. Qfc8+ Ka7 73. Qed7+ Kb6 74. Qcc6+ Ka5 75. Qdd5+ Kb4 76. Qcc4+ Ka3
77. Qdd3+ Kb2 78. Qcb3+ Ka1 79. Qb8 Ka2 80. Qdb1+ Ka3 81. Q1b3# 1-0

[Event "Junior Online 4NCL Division 2"]
[Site "online"]
[Date "2020.11.12"]
[Round "7.126"]
[White "Yuan, Derek"]
[Black "Adriel, Au"]
[Result "0-1"]
[WhiteElo "1390"]
[BlackElo "1506"]
[PlyCount "78"]
[EventDate "2020.11.12"]
[WhiteTeam "Cambridge Chess & Go B"]
[BlackTeam "KJCA Young Kestrels D"]

1. e4 e5 2. Nf3 Nc6 3. Bc4 Nf6 4. Nc3 Nxe4 5. Nxe4 d5 6. Nc3 dxc4 7. O-O Bd6 8.
Nb5 O-O 9. Nxd6 cxd6 10. d3 cxd3 11. Qxd3 d5 12. Re1 e4 13. Qe3 exf3 14. Qxf3
Re8 15. Bd2 Be6 16. Qg3 Qf6 17. Bg5 Qg6 18. Bf4 Qxg3 19. Bxg3 Rad8 20. Rad1 Rd7
21. f4 Red8 22. c3 d4 23. Re2 Bg4 24. Red2 Bxd1 25. Rxd1 dxc3 26. Rxd7 Rxd7 27.
bxc3 Rd1+ 28. Kf2 Rd2+ 29. Kf3 Rxa2 30. c4 Rc2 31. Kg4 Rxc4 32. Kg5 a5 33. f5
a4 34. f6 a3 35. fxg7 Kxg7 36. Kf5 a2 37. Bd6 a1=Q 38. g4 Qf1+ 39. Bf4 Qxf4#
0-1

[Event "Junior Online 4NCL Division 2"]
[Site "online"]
[Date "2020.11.12"]
[Round "7.127"]
[White "Mann, Lev"]
[Black "Syposz, Adam"]
[Result "1-0"]
[WhiteElo "1510"]
[BlackElo "1315"]
[PlyCount "119"]
[EventDate "2020.11.12"]
[WhiteTeam "KJCA Young Kestrels D"]
[BlackTeam "Cambridge Chess & Go B"]

1. e4 e5 2. Nf3 Nc6 3. Bc4 Nf6 4. Ng5 Nd4 5. Nxf7 Qe7 6. Nxh8 g6 7. Bf7+ Kd8 8.
Bxg6 hxg6 9. Nxg6 Qg7 10. Nh4 Nxe4 11. d3 Qf6 12. dxe4 Qxh4 13. Qd3 b6 14. c3
Ne6 15. Be3 Bb7 16. Nd2 Nc5 17. Bxc5 bxc5 18. Nf3 Qxe4+ 19. Qxe4 Bxe4 20. Nxe5
Bxg2 21. Rg1 Be4 22. Rg8 Ke7 23. f3 Bd5 24. Rg3 Kd6 25. Rd1 Be7 26. Rg6+ Kxe5
27. Ke2 Rf8 28. Rg3 c6 29. b3 c4 30. b4 a6 31. Rf1 c5 32. a3 cxb4 33. axb4 Kd6
34. Rd1 Re8 35. Rg6+ Kc7 36. Rxd5 Bxb4+ 37. Kd2 Be7 38. Rxa6 Rh8 39. Re5 Rxh2+
40. Re2 Rxe2+ 41. Kxe2 Bf6 42. Rxf6 Kb7 43. f4 Kc7 44. f5 Kd8 45. Rf7 Ke8 46.
Rh7 Kd8 47. f6 Ke8 48. f7+ Kf8 49. Ke3 d6 50. Kd4 d5 51. Kxd5 Ke7 52. Ke5 Kf8
53. Kf5 Ke7 54. Kg6 Kf8 55. Rh8+ Ke7 56. f8=Q+ Ke6 57. Qc8+ Kd5 58. Rd8+ Ke5
59. Qc5+ Ke6 60. Qe3# 1-0

[Event "Junior Online 4NCL Division 2"]
[Site "online"]
[Date "2020.11.12"]
[Round "7.128"]
[White "Lee, Isaac"]
[Black "Shkuratovskyi, Artemiy"]
[Result "0-1"]
[WhiteElo "1219"]
[BlackElo "1532"]
[PlyCount "104"]
[EventDate "2020.11.12"]
[WhiteTeam "Cambridge Chess & Go B"]
[BlackTeam "KJCA Young Kestrels D"]

1. e4 e5 2. Nf3 Nf6 3. Nxe5 d6 4. Nf3 Nxe4 5. Qe2 Qe7 6. d3 Nf6 7. Qxe7+ Bxe7
8. Be2 O-O 9. O-O Re8 10. Bg5 h6 11. Bf4 Nd5 12. Bd2 Bf6 13. c3 Rxe2 14. c4 Nb6
15. Kh1 Bxb2 16. Ng1 Re8 17. Bc3 Bxa1 18. Bxa1 Nc6 19. a3 Bd7 20. Nc3 Re7 21.
Nf3 Rae8 22. h3 Ne5 23. Nxe5 Rxe5 24. Nd5 Re1 25. Kg1 Rxf1+ 26. Kxf1 Nxd5 27.
cxd5 c6 28. dxc6 Bxc6 29. Bd4 b6 30. Be3 d5 31. d4 a6 32. Bd2 b5 33. g3 Bd7 34.
Bb4 Rc8 35. Kg2 Rc4 36. Bc5 a5 37. g4 b4 38. axb4 axb4 39. Bxb4 Rxb4 40. f4
Rxd4 41. h4 Rxf4 42. h5 Rxg4+ 43. Kf3 Re4 44. Kf2 Re6 45. Kf3 d4 46. Kf4 d3 47.
Kg4 d2 48. Kf5 d1=R 49. Kf4 Rf1+ 50. Kg3 g6 51. hxg6 Rxg6+ 52. Kh4 Rh1# 0-1

[Event "Junior Online 4NCL Division 2"]
[Site "online"]
[Date "2020.11.12"]
[Round "7.131"]
[White "Walker, Jamie"]
[Black "Hirst, Joe"]
[Result "0-1"]
[WhiteElo "1330"]
[BlackElo "1900"]
[PlyCount "86"]
[EventDate "2020.11.12"]
[WhiteTeam "Warwickshire Bears E"]
[BlackTeam "Rovers United"]

1. e4 d6 2. d4 Nf6 3. e5 dxe5 4. dxe5 Qxd1+ 5. Kxd1 Ng4 6. Ke1 Nxe5 7. Nc3 c6
8. Bf4 Ng6 9. Bg3 Bf5 10. Rd1 Nd7 11. Bc7 Bxc2 12. Rd2 Bf5 13. Bb5 Rc8 14. Nd5
cxd5 15. Ba5 e6 16. Nf3 Bc5 17. Rc2 Bxc2 18. b4 Bb6 19. Bxb6 axb6 20. Bxd7+
Kxd7 21. Kd2 Be4 22. Rc1 Rxc1 23. Kxc1 Bxf3 24. gxf3 Rc8+ 25. Kd2 Rc4 26. f4
Rxf4 27. b5 Rb4 28. a4 Rxa4 29. f4 Rxf4 30. h4 Rxh4 31. Kc3 Ne5 32. Kb3 Rc4 33.
Ka3 Nd3 34. Kb3 g5 35. Ka3 Rb4 36. Ka2 Rxb5 37. Ka3 g4 38. Ka4 Rb4+ 39. Ka3 g3
40. Ka2 g2 41. Ka3 g1=R 42. Ka2 Rb2+ 43. Ka3 Ra1# 0-1

[Event "Junior Online 4NCL Division 2"]
[Site "online"]
[Date "2020.11.12"]
[Round "7.132"]
[White "Evans, Ruben"]
[Black "Madoc, Arthur"]
[Result "1-0"]
[WhiteElo "1750"]
[BlackElo "1285"]
[PlyCount "47"]
[EventDate "2020.11.12"]
[WhiteTeam "Rovers United"]
[BlackTeam "Warwickshire Bears E"]

1. d4 c5 2. d5 Nf6 3. c4 d6 4. Nc3 e6 5. e4 Be7 6. Nf3 O-O 7. Bd3 Bd7 8. O-O a6
9. Re1 Qe8 10. Qb3 Qc8 11. Na4 Qe8 12. Nb6 Ra7 13. Bg5 a5 14. Bxf6 Bxf6 15. e5
dxe5 16. Nxe5 Bxe5 17. Rxe5 a4 18. Qc2 Qd8 19. Nxd7 Qxd7 20. Bxh7+ Kh8 21. Rh5
g6 22. Bxg6+ Kg7 23. Rh7+ Kg8 24. Qc3 1-0

[Event "Junior Online 4NCL Division 2"]
[Site "online"]
[Date "2020.11.12"]
[Round "7.133"]
[White "Vaidyanathan, Sathya"]
[Black "Conway-Lees, Joe"]
[Result "0-1"]
[WhiteElo "1285"]
[BlackElo "1525"]
[PlyCount "62"]
[EventDate "2020.11.12"]
[WhiteTeam "Warwickshire Bears E"]
[BlackTeam "Rovers United"]

1. e4 e5 2. Nf3 Nf6 3. Nxe5 Nc6 4. Nxc6 dxc6 5. Nc3 Bc5 6. Bc4 Ng4 7. O-O Qh4
8. h3 Nxf2 9. d4 Nxd1 10. Bxf7+ Kd8 11. dxc5 Nxc3 12. bxc3 Rf8 13. Be3 Qg3 14.
Rad1+ Ke7 15. Bf4 Qh4 16. g3 Qf6 17. Bb3 Be6 18. Bxe6 Qxe6 19. Bg5+ Ke8 20.
Rfe1 h6 21. Bf4 Rd8 22. Bxc7 Rxd1 23. Rxd1 Qc8 24. Bf4 Qxh3 25. Bc7 Qc8 26. Bd6
Qg4 27. Bc7 Qxd1+ 28. Kg2 Qe2+ 29. Kh3 g5 30. Bd6 Rf2 31. Bf4 Rh2# 0-1

[Event "Junior Online 4NCL Division 2"]
[Site "online"]
[Date "2020.11.12"]
[Round "7.134"]
[White "Cooper, Dylan E"]
[Black "Mykhnenko, Marijka"]
[Result "1-0"]
[WhiteElo "1300"]
[BlackElo "1187"]
[PlyCount "47"]
[EventDate "2020.11.12"]
[WhiteTeam "Rovers United"]
[BlackTeam "Warwickshire Bears E"]

1. d4 d5 2. c4 c6 3. Nf3 Nf6 4. Nc3 Bf5 5. cxd5 cxd5 6. Qb3 b6 7. e4 dxe4 8.
Bb5+ Nbd7 9. Ne5 e6 10. Bg5 Be7 11. Bxf6 Bxf6 12. Nxd7 Qxd7 13. Bxd7+ Kxd7 14.
O-O-O Rac8 15. Qa4+ Kd8 16. Qxa7 Rf8 17. d5 Ke8 18. d6 Kd8 19. Qxb6+ Kd7 20.
Qb7+ Kd8 21. d7 Rc5 22. Qb8+ Ke7 23. d8=Q+ Rxd8 24. Qxd8# 1-0

[Event "Junior Online 4NCL Division 2"]
[Site "online"]
[Date "2020.11.12"]
[Round "7.135"]
[White "Hirst, Joe"]
[Black "Walker, Jamie"]
[Result "1-0"]
[WhiteElo "1900"]
[BlackElo "1330"]
[PlyCount "33"]
[EventDate "2020.11.12"]
[WhiteTeam "Rovers United"]
[BlackTeam "Warwickshire Bears E"]

1. e4 e5 2. Nc3 Bc5 3. g3 Nf6 4. Bg2 d5 5. exd5 Ng4 6. Ne4 Bb6 7. h3 Bf5 8.
hxg4 Bxe4 9. Bxe4 Qf6 10. Qf3 Qd6 11. Nh3 Qc5 12. Ng5 O-O 13. Bxh7+ Kh8 14.
Bg6+ Kg8 15. Rh8+ Kxh8 16. Qh1+ Kg8 17. Qh7# 1-0

[Event "Junior Online 4NCL Division 2"]
[Site "online"]
[Date "2020.11.12"]
[Round "7.136"]
[White "Madoc, Arthur"]
[Black "Evans, Ruben"]
[Result "0-1"]
[WhiteElo "1285"]
[BlackElo "1750"]
[PlyCount "72"]
[EventDate "2020.11.12"]
[WhiteTeam "Warwickshire Bears E"]
[BlackTeam "Rovers United"]

1. g3 d5 2. Bg2 Nf6 3. d4 Bf5 4. Nf3 e6 5. Nc3 c6 6. Bf4 Bd6 7. Bd2 O-O 8. O-O
Nbd7 9. Re1 Ne4 10. Nxe4 Bxe4 11. Ng5 Bxg2 12. Kxg2 h6 13. Nf3 e5 14. dxe5 Nxe5
15. Nxe5 Bxe5 16. Bc3 Bxc3 17. bxc3 Re8 18. Rb1 Qc7 19. Qd4 Re4 20. Qd3 Rae8
21. Rb4 Qe7 22. Rxe4 Qxe4+ 23. Qxe4 Rxe4 24. Kf3 Rc4 25. Rd1 Rxc3+ 26. Kg2 Rxc2
27. Ra1 Rxe2 28. a4 Rb2 29. a5 d4 30. Rd1 c5 31. Kf3 f5 32. Kf4 Rxf2+ 33. Ke5
Rxh2 34. Kxf5 Ra2 35. Ke5 Rxa5 36. Kd5 b6 0-1

[Event "Junior Online 4NCL Division 2"]
[Site "online"]
[Date "2020.11.12"]
[Round "7.137"]
[White "Conway-Lees, Joe"]
[Black "Vaidyanathan, Sathya"]
[Result "1-0"]
[WhiteElo "1525"]
[BlackElo "1285"]
[PlyCount "121"]
[EventDate "2020.11.12"]
[WhiteTeam "Rovers United"]
[BlackTeam "Warwickshire Bears E"]

1. e4 e5 2. Nf3 Nc6 3. Bb5 Nf6 4. O-O Bd6 5. Bxc6 dxc6 6. d4 exd4 7. e5 Bxe5 8.
Nxe5 O-O 9. c3 dxc3 10. Qxd8 Rxd8 11. Nxc3 Re8 12. Re1 Bf5 13. Bg5 h6 14. Bxf6
gxf6 15. Nf3 b5 16. Rxe8+ Rxe8 17. Re1 Rxe1+ 18. Nxe1 Be6 19. Nd3 a5 20. Nc5
Bc4 21. b3 Bd3 22. Nxd3 b4 23. Ne4 c5 24. Nxf6+ Kg7 25. Nd5 c6 26. Ne7 Kf6 27.
Nxc6 Ke6 28. Nxc5+ Kd6 29. Nxa5 Kxc5 30. Nc4 Kb5 31. a3 bxa3 32. Nxa3+ Kb4 33.
Nc2+ Kxb3 34. Ne3 Kc3 35. g4 Kd4 36. Nf5+ Ke5 37. Nxh6 Kf4 38. Nxf7 Kxg4 39.
Ng5 Kxg5 40. Kg2 Kg4 41. h3+ Kh4 42. f4 Kh5 43. Kg3 Kg6 44. Kg4 Kg7 45. h4 Kg6
46. h5+ Kh6 47. f5 Kg7 48. Kg5 Kg8 49. Kg6 Kf8 50. f6 Kg8 51. h6 Kh8 52. Kf7
Kh7 53. Ke7 Kxh6 54. f7 Kg7 55. f8=Q+ Kg6 56. Qf4 Kh5 57. Qg3 Kh6 58. Qg4 Kh7
59. Qg5 Kh8 60. Kf6 Kh7 61. Qg7# 1-0

[Event "Junior Online 4NCL Division 2"]
[Site "online"]
[Date "2020.11.12"]
[Round "7.138"]
[White "Mykhnenko, Marijka"]
[Black "Cooper, Dylan E"]
[Result "0-1"]
[WhiteElo "1187"]
[BlackElo "1300"]
[PlyCount "62"]
[EventDate "2020.11.12"]
[WhiteTeam "Warwickshire Bears E"]
[BlackTeam "Rovers United"]

1. e4 e6 2. d4 d5 3. e5 c5 4. c3 Nc6 5. Nf3 Qb6 6. Bd3 cxd4 7. cxd4 Bd7 8. Be2
Nge7 9. O-O Nf5 10. Be3 Qxb2 11. Nbd2 Nxe3 12. fxe3 Qc3 13. Rb1 Qxe3+ 14. Kh1
Nxd4 15. Nxd4 Qxd4 16. Rxb7 Qxe5 17. Nf3 Qd6 18. Ng5 f6 19. Rxf6 gxf6 20. Bh5+
Ke7 21. Rxd7+ Qxd7 22. Nf3 Bh6 23. h3 Rac8 24. Kh2 Qd6+ 25. g3 Rc1 26. Qa4 Rhc8
27. Qxa7+ R8c7 28. Qxc7+ Qxc7 29. h4 Qc2+ 30. Kh3 Rh1+ 31. Kg4 Qf5# 0-1

[Event "Junior Online 4NCL Division 2"]
[Site "online"]
[Date "2020.11.12"]
[Round "7.141"]
[White "Munshi, Aryan"]
[Black "Datoo, Noor"]
[Result "1-0"]
[WhiteElo "1403"]
[BlackElo "1240"]
[PlyCount "81"]
[EventDate "2020.11.12"]
[WhiteTeam "Phones Juniors A"]
[BlackTeam "Leicestershire Juniors 2"]

1. d4 d5 2. c4 Nf6 3. cxd5 Nxd5 4. e4 Nb6 5. Nf3 Bg4 6. Be2 e6 7. Nc3 Bb4 8.
Be3 Nc6 9. O-O O-O 10. a3 Bxc3 11. bxc3 Ne7 12. h3 Bxf3 13. Bxf3 Ng6 14. e5 Qh4
15. Bxb7 Rab8 16. Bf3 Nd5 17. Bxd5 exd5 18. Rb1 c6 19. Qg4 Qxg4 20. hxg4 Rxb1
21. Rxb1 f5 22. gxf5 Rxf5 23. Kf1 Rh5 24. Ke2 Nh4 25. g3 Ng2 26. Rg1 Nxe3 27.
Kxe3 Kf7 28. f4 Ke6 29. Kf3 Rf5 30. g4 Rf7 31. f5+ Ke7 32. Kf4 g6 33. f6+ Ke6
34. Rb1 h5 35. gxh5 gxh5 36. Rh1 Rh7 37. Rh4 a6 38. Kg5 Rb7 39. Rxh5 Rb3 40.
Rh7 Rxc3 41. Re7# 1-0

[Event "Junior Online 4NCL Division 2"]
[Site "online"]
[Date "2020.11.12"]
[Round "7.142"]
[White "Eradi, Madhav"]
[Black "Vadalia, Jainill"]
[Result "0-1"]
[WhiteElo "1292"]
[BlackElo "1140"]
[PlyCount "78"]
[EventDate "2020.11.12"]
[WhiteTeam "Leicestershire Juniors 2"]
[BlackTeam "Phones Juniors A"]

1. e4 e5 2. Nf3 Nc6 3. Bc4 Bc5 4. O-O d6 5. d3 Bg4 6. c3 h6 7. Re1 Nf6 8. h3
Bh5 9. Nbd2 O-O 10. b4 Bb6 11. b5 Ne7 12. Nb3 c6 13. d4 cxb5 14. Bxb5 a6 15.
Bc4 Qc7 16. Qd3 Rac8 17. Nfd2 Ng6 18. d5 Nf4 19. Qf1 Qd7 20. Bd3 Rxc3 21. Bb2
Rcc8 22. Re3 Bxe3 23. fxe3 Nxd3 24. Qxd3 Bg6 25. Rf1 Qa4 26. a3 Nxe4 27. Nxe4
Bxe4 28. Qe2 Qxb3 29. Ba1 Bd3 30. Qf2 Bxf1 31. Qxf1 Qxe3+ 32. Kh1 Rc1 33. Qxc1
Qxc1+ 34. Kh2 Qxa1 35. Kg3 f5 36. Kh4 Qe1+ 37. g3 f4 38. Kh5 Qxg3 39. h4 Rf5#
0-1